00293nam a2200121Ia 4500008004100000041000800041082001400049100001000063245002900073260003800102300002400140365000700164240624s9999 xx 000 0 und d aeng a658.1 ICF aICFAI aMERGERS AND ACQUISITIONS c2005aHyderabadbICFAI University a456 : p. : cm. ; 26 cRS